Mathematical ecology of plant species competition : (Record no. 5837)

MARC details
000 -LEADER
fixed length control field 00854pam a2200241 a 4500
001 - CONTROL NUMBER
control field BD-DhSAU 5837
003 - CONTROL NUMBER IDENTIFIER
control field BD-DhSAU
005 - DATE AND TIME OF LATEST TRANSACTION
control field 20150425112344.0
008 - FIXED-LENGTH DATA ELEMENTS--GENERAL INFORMATION
fixed length control field 890817s1990 enka b 001 0 eng
020 ## - INTERNATIONAL STANDARD BOOK NUMBER
International Standard Book Number 0521373883
040 ## - CATALOGING SOURCE
Original cataloging agency BD-DhSAU
082 00 - DEWEY DECIMAL CLASSIFICATION NUMBER
Classification number 581.5072
Edition number 22
Item number PAM
100 1# - MAIN ENTRY--PERSONAL NAME
Personal name Pakes, Anthony G.
245 10 - TITLE STATEMENT
Title Mathematical ecology of plant species competition :
Remainder of title a class of deterministic models for binary mixtures of plant genotypes /
Statement of responsibility, etc. Anthony G. Pakes and Ross A. Maller.
260 ## - PUBLICATION, DISTRIBUTION, ETC. (IMPRINT)
Place of publication, distribution, etc. New York :
Name of publisher, distributor, etc. Cambridge University Press ,
Date of publication, distribution, etc. 1990.
300 ## - PHYSICAL DESCRIPTION
Extent xiii, 193 p. :
Other physical details ill. ;
Dimensions 24 cm.
440 #0 - SERIES STATEMENT/ADDED ENTRY--TITLE
Title Cambridge studies in mathematical biology ;
504 ## - BIBLIOGRAPHY, ETC. NOTE
Bibliography, etc Includes bibliographical references and indexes.
590 ## - Name of Cataloguer
Name of Cataloger Tamanna
650 #0 - SUBJECT ADDED ENTRY--TOPICAL TERM
Topical term or geographic name as entry element Plant competition
General subdivision Mathematical models.
650 #0 - SUBJECT ADDED ENTRY--TOPICAL TERM
Topical term or geographic name as entry element botany
700 1# - ADDED ENTRY--PERSONAL NAME
Personal name Maller, Ross A.
942 ## - ADDED ENTRY ELEMENTS (KOHA)
Source of classification or shelving scheme Dewey Decimal Classification
Koha item type Book
Holdings
Withdrawn status Lost status Source of classification or shelving scheme Damaged status Not for loan Collection code Home library Branch Name Shelving location Date acquired Total Checkouts Full call number Barcode Date last seen Price effective from Koha item type
    Dewey Decimal Classification   Not For Loan Reference SAU Library SAU Library Reference 30/06/1991   581.5072 PAM 16480 25/04/2015 25/04/2015 Book